000 02243nam0a22005531 4500
001 RU\NLR\A1\27228
005 20260407064855.0
035 _a(NLR Aleph) 009681500
090 _a9703928
_c9703928
100 _a19990429d1788 u y0rusy50 ca
101 0 _arus
102 _aRU
200 1 _aУложение по которому суд и росправа во всяких делах производится,
_fСочиненное и напечатанное при владении его величества государя царя и великаго князя Алексея Михайловича всея России самодержца в лето от сотворения мира 7156.
205 _aИздано 6-м тиснением
210 _a[СПб.]
_cПри Имп. Акад. наук
_d1788
215 _a[2], 259, 42 с., [1] л. фронт.
_d
314 _aПортр. Алексея Михайловича - уменьш. копия большой Вортмановской грав.
317 _aЭкз. ГАКостО из б-ки В.Панова
_5ГАКостО
321 _aСК XVIII 7525
620 _dСанкт-Петербург
702 0 _4570
_8rus
_7ca
_aАлексей Михайлович
_cцарь русский
_f1629-1676
_3RU\NLR\AUTH\7715454
_9125103
702 1 _6z01702
_aВортман
_bХ.А.
_f1680-1760
_gХристиан Альбрехт
_4350
702 1 _6z01702
_aWortmann
_bC.A.
_gChristian Albrecht
702 1 _aПанов
_bВ.
_4390
712 0 2 _aАкадемическая типография
_cСанкт-Петербург
_4610
801 0 _aRU
_bNLR
_c19990429
899 _aТОУНБ
899 _aРГБ
899 _aБАН
899 _aГПИБ
899 _aГАКостО
899 _aВладОУНБ
899 _aНБ ТамбГУ
899 _aГАКО
899 _aПОУБ
899 _aТОУНБ
899 _aРГБ
899 _aБАН
899 _aГПИБ
899 _aГАКостО
899 _aВладОУНБ
899 _aНБ ТамбГУ
899 _aГАКО
899 _aПОУБ
899 _aОренбургОУНБ
942 _cBOOK
980 _aNB
980 _aA1XVIIIv